[Event "Angers op 10th"]
[Site "Angers"]
[Date "2015.04.26"]
[Round "6"]
[White "Daurelle, Herve"]
[Black "Egreteau, Eric"]
[Result "0-1"]
[WhiteElo "2195"]
[BlackElo "2019"]
[PlyCount "152"]
[EventDate "2015.04.24"]
[EventType "swiss"]
[EventRounds "6"]
[EventCountry "FRA"]
[SourceTitle "CBM 166 Extra"]
[Source "ChessBase"]
[SourceDate "2015.06.18"]
[SourceVersion "1"]
[SourceVersionDate "2015.06.18"]
[SourceQuality "1"]

1. e4 d6 2. d4 Nf6 3. Nc3 Nbd7 4. f4 e5 5. Nf3 exd4 6. Qxd4 c6 7. Be3 Qa5 8. 0-0-0 Be7 9. e5 dxe5 10. fxe5 Bc5 11. Qd2 Ng4 12. Bxc5 Nxc5 13. Bc4 0-0 14. h3 Nh6 15. g4 b5 16. Bb3 b4 17. Nb1 Nxb3+ 18. axb3 c5 19. Rhe1 Bb7 20. Nh4 Rad8 21. Qf4 Kh8 22. g5 Ng8 23. Nf5 Rxd1+ 24. Rxd1 Bc8 25. Nd6 Be6 26. h4 Qc7 27. h5 h6 28. gxh6 Nxh6 29. Rg1 Qe7 30. Nd2 Bd5 31. N2e4 Bxe4 32. Qxe4 Qe6 33. Qf4 Rd8 34. Qg5 Rg8 35. Qf4 Rd8 36. Qg5 Rg8 37. Ne4 Qf5 38. Qxf5 Nxf5 39. Nxc5 Rc8 40. Ne4 Nd4 41. Rg2 Nxb3+ 42. Kb1 Nd4 43. Nd6 Rc7 44. Ne8 Re7 45. Nxg7 Rxe5 46. h6 Re1+ 47. Ka2 Rh1 48. Rd2 Rh4 49. Ne8 Kh7 50. Nd6 f6 51. b3 a6 52. Kb2 Kg6 53. c3 bxc3+ 54. Kxc3 Ne6 55. Rg2+ Ng5 56. b4 Rxh6 57. b5 Rh3+ 58. Kc4 axb5+ 59. Nxb5 Kf5 60. Kd5 Rd3+ 61. Nd4+ Kg6 62. Kc4 Ra3 63. Nb5 Ra4+ 64. Kd3 Ra5 65. Nd4 Ra3+ 66. Ke2 Ra2+ 67. Kf1 Ra4 68. Nf3 Rf4 69. Ke2 Rxf3 70. Rxg5+ Kxg5 71. Kxf3 Kf5 72. Kf2 Kf4 73. Kf1 Kf3 74. Ke1 f5 75. Kf1 f4 76. Ke1 Kg2 0-1

[Event "Angers op 10th"]
[Site "Angers"]
[Date "2015.04.25"]
[Round "3"]
[White "Egreteau, Eric"]
[Black "Duboue, Peio"]
[Result "0-1"]
[WhiteElo "2019"]
[BlackElo "2291"]
[PlyCount "88"]
[EventDate "2015.04.24"]
[EventType "swiss"]
[EventRounds "6"]
[EventCountry "FRA"]
[SourceTitle "CBM 166 Extra"]
[Source "ChessBase"]
[SourceDate "2015.06.18"]
[SourceVersion "1"]
[SourceVersionDate "2015.06.18"]
[SourceQuality "1"]

1. e4 e5 2. Nf3 Nc6 3. Bc4 Be7 4. Nc3 Nf6 5. d4 d6 6. h3 0-0 7. Bb3 a6 8. a3 b5 9. 0-0 Bb7 10. Re1 Nxd4 11. Nxd4 exd4 12. Qxd4 c5 13. Qd1 c4 14. Ba2 Re8 15. Bf4 d5 16. Nxd5 Nxd5 17. exd5 Bxd5 18. c3 Qd7 19. Qg4 Qxg4 20. hxg4 Bc5 21. Kf1 Re4 22. Rxe4 Bxe4 23. Re1 Re8 24. Bd2 Bd3+ 25. Kg1 Rxe1+ 26. Bxe1 f6 27. Kh2 Kf7 28. Kg3 Ke6 29. Kf3 Ke5 30. g3 f5 31. gxf5 Kxf5 32. Bd2 h5 33. Kg2 g5 34. f3 g4 35. fxg4+ Kxg4 36. Bf4 h4 37. Bc7 h3+ 38. Kh2 Be7 39. Bb8 a5 40. Bc7 a4 41. Bb8 Bg5 42. Bc7 Bc1 43. Bd6 Bxb2 44. Bb4 Bc2 0-1

[Event "Chateauroux op 15th"]
[Site "Chateauroux"]
[Date "2014.10.25"]
[Round "1"]
[White "Egreteau, Eric"]
[Black "Owen, Michael C"]
[Result "1-0"]
[WhiteElo "2038"]
[BlackElo "1682"]
[PlyCount "60"]
[EventDate "2014.10.25"]
[EventType "swiss"]
[EventRounds "7"]
[EventCountry "FRA"]
[SourceTitle "EXT 2015"]
[Source "ChessBase"]
[SourceDate "2014.11.20"]
[SourceVersion "1"]
[SourceVersionDate "2014.11.20"]
[SourceQuality "1"]

1. e4 d5 2. Nc3 dxe4 3. Nxe4 g6 4. Nf3 Bg7 5. d4 Nf6 6. Nxf6+ Bxf6 7. Bh6 Bg4 8. c3 Qd5 9. Qa4+ Nd7 10. Be2 Qh5 11. Bf4 c6 12. h3 Nb6 13. Qb3 0-0 14. 0-0 Bxf3 15. Bxf3 Qf5 16. Bg3 Qd7 17. a4 e6 18. Rfd1 Qe7 19. a5 Nd5 20. c4 Qb4 21. Ra3 Qxb3 22. Rxb3 Ne7 23. Rxb7 Nf5 24. Be5 Bxe5 25. dxe5 Rfb8 26. a6 Rxb7 27. axb7 Rb8 28. Bxc6 Ne7 29. Be4 Nd5 30. cxd5 Rxb7 1-0

[Event "Angers op 9th"]
[Site "Angers"]
[Date "2014.05.09"]
[Round "1"]
[White "Daviet, Bertrand"]
[Black "Egreteau, Eric"]
[Result "0-1"]
[WhiteElo "1738"]
[BlackElo "2038"]
[PlyCount "58"]
[EventDate "2014.05.09"]
[EventType "swiss"]
[EventRounds "6"]
[EventCountry "FRA"]
[SourceTitle "CBM 160 Extra"]
[Source "ChessBase"]
[SourceDate "2014.07.01"]
[SourceVersion "1"]
[SourceVersionDate "2014.07.01"]
[SourceQuality "1"]

1. e4 d6 2. d4 Nf6 3. Nc3 Nbd7 4. Nf3 e5 5. Be2 c6 6. 0-0 Qc7 7. Bg5 h6 8. Be3 Be7 9. Nd2 g5 10. Nc4 Nf8 11. d5 b5 12. Nd2 b4 13. Ncb1 cxd5 14. exd5 Nxd5 15. Bf3 Nxe3 16. fxe3 Bb7 17. c3 d5 18. cxb4 Qb6 19. Qb3 Rd8 20. a3 Ne6 21. Nc3 Qxe3+ 22. Rf2 Nd4 23. Qa4+ Kf8 24. Nc4 Nxf3+ 25. gxf3 dxc4 26. Rd1 Rxd1+ 27. Qxd1 Qb6 28. Qd7 Qc6 29. Qf5 Qe6 0-1

[Event "Angers op 8th"]
[Site "Angers"]
[Date "2013.05.05"]
[Round "5"]
[White "Rabouan, Jean Francois"]
[Black "Egreteau, Eric"]
[Result "0-1"]
[WhiteElo "1896"]
[BlackElo "2006"]
[PlyCount "46"]
[EventDate "2013.05.03"]
[EventType "swiss"]
[EventRounds "6"]
[EventCountry "FRA"]
[SourceTitle "CBM 154 Extra"]
[Source "ChessBase"]
[SourceDate "2013.06.25"]
[SourceVersion "2"]
[SourceVersionDate "2013.06.25"]
[SourceQuality "1"]

1. e4 d6 2. Nf3 Nf6 3. Nc3 Nbd7 4. d4 e5 5. Bc4 Be7 6. 0-0 h6 7. Be3 c6 8. a4 Qc7 9. h3 g5 10. a5 Rg8 11. dxe5 dxe5 12. h4 Ng4 13. Nxg5 hxg5 14. Qxg4 Nf6 15. Qg3 g4 16. f4 gxf3 17. Qxf3 Bg4 18. Qf2 Bh3 19. g3 0-0-0 20. Bg5 Bxf1 21. Bxf1 Rxg5 22. hxg5 Nd7 23. Qxa7 Bc5+ 0-1

[Event "Avoine op 27th"]
[Site "Avoine"]
[Date "2012.07.28"]
[Round "8"]
[White "Gerard, Nicolas"]
[Black "Egreteau, Eric"]
[Result "1/2-1/2"]
[WhiteElo "2279"]
[BlackElo "2044"]
[PlyCount "96"]
[EventDate "2012.07.21"]
[EventType "swiss"]
[EventRounds "9"]
[EventCountry "FRA"]
[SourceTitle "CBM 149 Extra"]
[Source "ChessBase"]
[SourceDate "2012.08.24"]
[SourceVersion "1"]
[SourceVersionDate "2012.08.24"]
[SourceQuality "1"]

1. d4 d6 2. e4 Nf6 3. Nc3 Nbd7 4. f4 c6 5. Nf3 Qa5 6. Bd2 Qc7 7. e5 Nd5 8. Ne4 b5 9. a4 b4 10. c4 bxc3 11. bxc3 a5 12. Bd3 g6 13. Qe2 dxe5 14. fxe5 e6 15. 0-0 h6 16. Nh4 g5 17. Qh5 gxh4 18. Rxf7 Kd8 19. Be1 Ba6 20. Bxh4+ Kc8 21. Bxa6+ Rxa6 22. c4 Qb6 23. Bf2 Qb2 24. Rf1 Nc3 25. Qg4 Nxe4 26. Qxe6 Ba3 27. Qxd7+ Kb8 28. e6 Nxf2 29. R7xf2 Qb7 30. Qxb7+ Kxb7 31. Rf7+ Kc8 32. c5 Re8 33. Rh7 Bb2 34. Rf4 Bc1 35. Re4 Ra8 36. g4 Bg5 37. h4 Bxh4 38. Rxh6 Be7 39. Rh7 Rb8 40. Kg2 Rb4 41. Kf3 Rxa4 42. Kf4 Ra1 43. Ke5 Kd8 44. d5 cxd5 45. Rd4 Re1+ 46. Kxd5 Kc7 47. Ra4 Rd8+ 48. Kc4 Re4+ 1/2-1/2

[Event "FRA-chT1A 1112"]
[Site "France"]
[Date "2012.01.14"]
[Round "6.6"]
[White "Egreteau, Eric"]
[Black "Marciniak, Gerard"]
[Result "0-1"]
[WhiteElo "2100"]
[BlackElo "2153"]
[PlyCount "80"]
[EventDate "2011.10.16"]
[EventType "team-tourn"]
[EventRounds "11"]
[EventCountry "FRA"]
[SourceTitle "EXT 2013"]
[Source "ChessBase"]
[SourceDate "2012.11.22"]
[SourceVersion "1"]
[SourceVersionDate "2012.11.22"]
[SourceQuality "1"]
[WhiteTeam "La Membrolle Choisille"]
[BlackTeam "Agen"]
[WhiteTeamCountry "FRA"]
[BlackTeamCountry "FRA"]

1. e4 d6 2. Nc3 g6 3. g3 Bg7 4. Bg2 c5 5. d3 Nc6 6. Be3 Rb8 7. Qd2 b5 8. Nge2 Nd4 9. 0-0 Qa5 10. f4 e6 11. Nc1 Ne7 12. Nb3 Qb6 13. Nd1 a5 14. c3 a4 15. Nxc5 dxc5 16. cxd4 cxd4 17. Bf2 b4 18. g4 0-0 19. Bh4 Re8 20. Nf2 f5 21. Rac1 Ba6 22. Rfe1 fxe4 23. Nxe4 Nd5 24. Nc5 Ne3 25. Nd7 Qb5 26. Nxb8 Rxb8 27. Rxe3 dxe3 28. Qxe3 Qd7 29. Qd2 a3 30. b3 Bc3 31. Qd1 Qd4+ 32. Kh1 Bxd3 33. Qf3 Ba6 34. Qc6 Qe3 35. Rc2 Bb7 36. Qd6 Bxg2+ 37. Kxg2 Qe4+ 38. Kh3 Rf8 39. Bg3 Qxc2 40. Qxe6+ Kg7 0-1

[Event "FRA-chT1A 1112"]
[Site "France"]
[Date "2011.11.12"]
[Round "2.6"]
[White "Egreteau, Eric"]
[Black "Ternault, Mathieu"]
[Result "1/2-1/2"]
[WhiteElo "2100"]
[BlackElo "2099"]
[PlyCount "111"]
[EventDate "2011.10.16"]
[EventType "team-tourn"]
[EventRounds "11"]
[EventCountry "FRA"]
[SourceTitle "EXT 2013"]
[Source "ChessBase"]
[SourceDate "2012.11.22"]
[SourceVersion "1"]
[SourceVersionDate "2012.11.22"]
[SourceQuality "1"]
[WhiteTeam "La Membrolle Choisille"]
[BlackTeam "Bordeaux"]
[WhiteTeamCountry "FRA"]
[BlackTeamCountry "FRA"]

1. e4 e6 2. Nc3 d5 3. d4 Bb4 4. exd5 exd5 5. Qf3 Qe7+ 6. Nge2 Nc6 7. Qd3 Bg4 8. a3 Bxc3+ 9. Qxc3 Nf6 10. f3 Bf5 11. Bf4 h6 12. 0-0-0 Nd8 13. g4 Bg6 14. Bg3 Ne6 15. Nf4 Nxf4 16. Bxf4 0-0 17. Re1 Qd7 18. h4 Rae8 19. Be5 Re6 20. Qd2 Qa4 21. Bd3 Ne8 22. h5 Bxd3 23. Qxd3 Nd6 24. Bxd6 Rxd6 25. Re7 Rd7 26. Rhe1 Rxe7 27. Rxe7 Re8 28. Rxc7 Qa5 29. Qc3 Qb5 30. Kb1 a6 31. Rc8 Kh7 32. Rxe8 Qxe8 33. Qd3+ Kg8 34. Qf5 Qc6 35. Qe5 Qc4 36. Qe3 a5 37. b3 Qc6 38. Kb2 a4 39. Qc3 Qd7 40. b4 b5 41. Qc5 Kh7 42. Qc3 Kg8 43. Qe3 Kh7 44. Qe5 Kg8 45. Qe2 Kh7 46. Qg2 Qe7 47. Qg1 Qc7 48. Qf2 Qd7 49. Qe2 Kg8 50. Qe5 Kh7 51. Qe2 Kg8 52. Kc1 Kh7 53. Kd2 Kg8 54. Qd3 Kh8 55. Qe3 Kg8 56. Qe2 1/2-1/2

[Event "Avoine op 26th"]
[Site "Avoine"]
[Date "2011.07.30"]
[Round "8"]
[White "Egreteau, Eric"]
[Black "Maleki, Manuel"]
[Result "0-1"]
[WhiteElo "2081"]
[BlackElo "2275"]
[PlyCount "80"]
[EventDate "2011.07.23"]
[EventType "swiss"]
[EventRounds "9"]
[EventCountry "FRA"]
[SourceTitle "EXT 2012"]
[Source "ChessBase"]
[SourceDate "2011.11.24"]
[SourceVersion "1"]
[SourceVersionDate "2011.11.24"]
[SourceQuality "1"]

1. e4 e6 2. Nc3 d5 3. d4 Nf6 4. Bg5 Bb4 5. e5 h6 6. Be3 Ne4 7. Qg4 Kf8 8. a3 Bxc3+ 9. bxc3 c5 10. Bd3 Nxc3 11. h4 c4 12. Bf1 Nc6 13. Ne2 Qb6 14. Nf4 Qb2 15. Rc1 Nxd4 16. Ng6+ fxg6 17. Qxd4 Na4 18. Qf4+ Ke8 19. Bd4 Rf8 20. Qxf8+ Kxf8 21. Bxb2 Nxb2 22. Rh3 Na4 23. Rd1 Nc5 24. Rd4 Bd7 25. Rg3 Be8 26. Be2 b5 27. Rf3+ Ke7 28. Rh3 a5 29. Rd1 b4 30. Rb1 Rb8 31. axb4 axb4 32. f3 Ba4 33. Kd2 c3+ 34. Kd1 d4 35. f4 Ne4 36. Rf3 Nd2 37. Ra1 Bxc2+ 38. Kxc2 b3+ 39. Kd1 Nxf3 40. gxf3 c2+ 0-1

[Event "FRA-chT2 1011"]
[Site "France"]
[Date "2010.10.17"]
[Round "1.5"]
[White "Duboue, Peio"]
[Black "Egreteau, Eric"]
[Result "1-0"]
[WhiteElo "2067"]
[BlackElo "2018"]
[PlyCount "39"]
[EventDate "2010.10.17"]
[EventType "team-tourn"]
[EventRounds "11"]
[EventCountry "FRA"]
[SourceTitle "EXT 2012"]
[Source "ChessBase"]
[SourceDate "2011.11.24"]
[SourceVersion "1"]
[SourceVersionDate "2011.11.24"]
[SourceQuality "1"]

1. e4 d6 2. d4 Nf6 3. Nc3 Nbd7 4. Nf3 e5 5. Bc4 Be7 6. dxe5 dxe5 7. Bxf7+ Kxf7 8. Ng5+ Kg6 9. h4 h5 10. Qf3 Nc5 11. Qg3 Ng4 12. f3 Bxg5 13. Bxg5 Qd4 14. fxg4 Bxg4 15. Rd1 Qc4 16. Qxe5 Rae8 17. Be7 Nxe4 18. Rd3 Nxc3 19. Rxc3 Qa4 20. 0-0 1-0

[Event "Angers op 5th"]
[Site "Angers"]
[Date "2010.04.23"]
[Round "2"]
[White "Daniel, Jean Claude"]
[Black "Egreteau, Eric"]
[Result "0-1"]
[WhiteElo "1859"]
[BlackElo "2009"]
[PlyCount "78"]
[EventDate "2010.04.23"]
[EventType "swiss"]
[EventRounds "6"]
[EventCountry "FRA"]
[SourceTitle "EXT 2011"]
[Source "ChessBase"]
[SourceDate "2010.11.26"]
[SourceVersion "1"]
[SourceVersionDate "2010.11.26"]
[SourceQuality "1"]

1. d4 Nf6 2. Nf3 d5 3. e3 Bf5 4. Bd3 Qc8 5. 0-0 c6 6. Ne5 Bxd3 7. cxd3 e6 8. Nc3 Be7 9. e4 0-0 10. Be3 Na6 11. Rc1 Nc7 12. f4 Nfe8 13. Qh5 f6 14. Nf3 f5 15. e5 Na6 16. a3 Nec7 17. Kh1 Qe8 18. Qh3 Kh8 19. g4 fxg4 20. Qxg4 g6 21. Rg1 Qf7 22. Ne2 Qf5 23. Qxf5 Rxf5 24. Ng3 Rf7 25. Rg2 Ne8 26. Rcg1 Ng7 27. h4 Nf5 28. Nxf5 Rxf5 29. Rh2 Nc7 30. Rg3 Ne8 31. Ng5 Bxg5 32. hxg5 Ng7 33. Rgh3 Nh5 34. Kg2 Raf8 35. Kg1 R8f7 36. Rxh5 gxh5 37. Rxh5 Rg7 38. Kh2 Rg6 39. Kh3 Kg7 0-1

[Event "Angers op 4th"]
[Site "Angers"]
[Date "2009.04.18"]
[Round "4"]
[White "Primel, Dominique"]
[Black "Egreteau, Eric"]
[Result "0-1"]
[WhiteElo "1936"]
[BlackElo "2031"]
[PlyCount "68"]
[EventDate "2009.04.17"]
[EventType "swiss"]
[EventRounds "6"]
[EventCountry "FRA"]
[SourceTitle "CBM 129 Extra"]
[Source "ChessBase"]
[SourceDate "2009.05.05"]
[SourceVersion "2"]
[SourceVersionDate "2009.05.20"]
[SourceQuality "1"]

1. Nf3 d5 2. d4 Bf5 3. c4 e6 4. Nc3 c6 5. Qb3 Qb6 6. c5 Qc7 7. Bf4 Qc8 8. e3 h6 9. h3 Nd7 10. Be2 Be7 11. 0-0 Ngf6 12. Rfc1 Bd8 13. Qd1 g5 14. Bd6 Bc7 15. Bxc7 Qxc7 16. b4 Rg8 17. Nh2 Rg7 18. a4 Ke7 19. g4 Bg6 20. Nf1 Rh8 21. Ng3 Rgh7 22. Bf3 h5 23. Kf1 hxg4 24. hxg4 Rh2 25. b5 R8h3 26. Nce2 Rh4 27. Nc3 e5 28. bxc6 bxc6 29. e4 dxe4 30. Ncxe4 Nxe4 31. Nxe4 Bxe4 32. Bxe4 Rh1+ 33. Bxh1 Rxh1+ 34. Kg2 Rxd1 0-1

[Event "Rochefort op 8th"]
[Site "Rochefort"]
[Date "2009.02.??"]
[Round "1"]
[White "Egreteau, Eric"]
[Black "Boudre, Jean Pierre"]
[Result "0-1"]
[WhiteElo "2019"]
[BlackElo "2335"]
[PlyCount "62"]
[EventDate "2009.02.??"]
[EventType "swiss"]
[EventRounds "9"]
[EventCountry "FRA"]
[SourceTitle "EXT 2010"]
[Source "ChessBase"]
[SourceDate "2010.11.25"]
[SourceVersion "1"]
[SourceVersionDate "2010.11.25"]
[SourceQuality "1"]

1. e4 d5 2. d3 g6 3. Nc3 c6 4. g3 Bg7 5. Bg2 dxe4 6. dxe4 Bxc3+ 7. bxc3 Qxd1+ 8. Kxd1 Nf6 9. f3 Be6 10. Ne2 Nbd7 11. Bh6 0-0-0 12. Kc1 Bc4 13. Nd4 Ne8 14. Re1 Nc7 15. Bh3 f6 16. Be3 h5 17. Bf2 c5 18. Nb3 b6 19. a4 Be6 20. Bxe6 Nxe6 21. a5 Kb7 22. axb6 axb6 23. f4 g5 24. f5 Nc7 25. Rd1 Ne5 26. Rb1 Rxd1+ 27. Kxd1 Kc6 28. Ke2 Nb5 29. Be1 Ra8 30. Ra1 Rxa1 31. Nxa1 c4 0-1

[Event "Pays de Loire-chT"]
[Site "Cholet"]
[Date "2009.??.??"]
[Round "1"]
[White "Barre, Laurent"]
[Black "Egreteau, Eric"]
[Result "0-1"]
[WhiteElo "1620"]
[BlackElo "2031"]
[PlyCount "106"]
[EventDate "2009.06.??"]
[EventType "team-tourn"]
[EventRounds "6"]
[EventCountry "FRA"]
[SourceTitle "EXT 2010"]
[Source "ChessBase"]
[SourceDate "2010.11.25"]
[SourceVersion "1"]
[SourceVersionDate "2010.11.25"]
[SourceQuality "1"]

1. e4 d6 2. Bc4 Nf6 3. Nc3 e5 4. d3 c6 5. a3 Nbd7 6. Bd2 Qc7 7. Nge2 Be7 8. 0-0 h6 9. Ng3 Nf8 10. b4 g5 11. Nh5 Nxh5 12. Qxh5 Ng6 13. Ne2 Bd7 14. Ng3 Qc8 15. Qf3 Nf4 16. Nf5 Bxf5 17. exf5 Qxf5 18. g3 g4 19. Qe4 Qxe4 20. dxe4 Nh3+ 21. Kg2 Bg5 22. Bc3 Be7 23. f4 f6 24. fxe5 dxe5 25. Rad1 Ng5 26. Rfe1 Rd8 27. Rxd8+ Kxd8 28. Kf2 Kc7 29. Ke3 b5 30. Be2 h5 31. Bb2 a5 32. c3 Rd8 33. Rd1 Rxd1 34. Bxd1 Kb6 35. Bc1 a4 36. Kd3 Nf7 37. Be3+ Kc7 38. Bc2 c5 39. Ke2 Bf8 40. Kd1 c4 41. Ke2 Kd7 42. Kf1 Ke6 43. Kg2 Bh6 44. Bxh6 Nxh6 45. h3 f5 46. exf5+ Nxf5 47. hxg4 Ne3+ 48. Kf3 Nxc2 49. gxh5 Nxa3 50. h6 Kf6 51. h7 Kg7 52. h8Q+ Kxh8 53. Ke4 Nb1 0-1

[Event "Pays de Loire-chT"]
[Site "Cholet"]
[Date "2009.??.??"]
[Round "2"]
[White "Egreteau, Eric"]
[Black "Le Pen, Michel"]
[Result "1-0"]
[WhiteElo "2031"]
[BlackElo "1780"]
[PlyCount "57"]
[EventDate "2009.06.??"]
[EventType "team-tourn"]
[EventRounds "6"]
[EventCountry "FRA"]
[SourceTitle "EXT 2010"]
[Source "ChessBase"]
[SourceDate "2010.11.25"]
[SourceVersion "1"]
[SourceVersionDate "2010.11.25"]
[SourceQuality "1"]

1. e4 e6 2. Nc3 c5 3. g3 Nc6 4. Bg2 a6 5. d3 Nge7 6. Be3 Ng6 7. Nge2 Qc7 8. Qd2 Be7 9. f4 b5 10. 0-0 h5 11. h3 Bb7 12. a4 b4 13. Nd1 Na5 14. Bf2 d5 15. exd5 exd5 16. d4 c4 17. f5 Nf8 18. Nf4 0-0-0 19. Ne3 Bg5 20. Qxb4 Bxf4 21. gxf4 Nc6 22. Qc3 Ne7 23. b3 cxb3 24. Qxb3 Qxf4 25. c4 Nh7 26. Nxd5 Nxd5 27. cxd5 Nf6 28. Rac1+ Kb8 29. Bg3 1-0

[Event "Pornic op"]
[Site "Pornic"]
[Date "2008.08.??"]
[Round "6"]
[White "Schamelhout, Emmanuel"]
[Black "Egreteau, Eric"]
[Result "0-1"]
[WhiteElo "1851"]
[BlackElo "2050"]
[PlyCount "68"]
[EventDate "2008.08.??"]
[EventType "swiss"]
[EventRounds "6"]
[EventCountry "FRA"]
[SourceTitle "EXT 2009"]
[Source "ChessBase"]
[SourceDate "2008.11.26"]
[SourceVersion "1"]
[SourceVersionDate "2008.11.26"]
[SourceQuality "1"]

1. e4 d6 2. d4 Nf6 3. Nc3 Nbd7 4. Bc4 e5 5. f4 exd4 6. Qxd4 c6 7. Nf3 d5 8. Bb3 Bc5 9. Qd3 0-0 10. e5 Ng4 11. Nd1 Qb6 12. Rf1 Re8 13. c3 f6 14. h3 Nh6 15. Bc2 g6 16. b4 Bf8 17. Be3 Qc7 18. Bd4 Nf5 19. g4 Nxd4 20. cxd4 Bxb4+ 21. Kf2 fxe5 22. fxe5 Nf8 23. Kg2 Bd2 24. Rc1 Ne6 25. Nh2 Bg5 26. Ne3 Nf4+ 27. Rxf4 Bxf4 28. Nxd5 cxd5 29. Rf1 Bxh2 30. Kxh2 Be6 31. Rf6 Bf7 32. h4 Rxe5 33. Kh3 Re1 34. Kg2 Rae8 0-1

[Event "Angers op 3rd"]
[Site "Angers"]
[Date "2008.04.27"]
[Round "6"]
[White "Egreteau, Eric"]
[Black "Prevel, Jean"]
[Result "0-1"]
[WhiteElo "2084"]
[BlackElo "1971"]
[PlyCount "110"]
[EventDate "2008.04.25"]
[EventType "swiss"]
[EventRounds "6"]
[EventCountry "FRA"]
[SourceTitle "CBM 123 Extra"]
[Source "ChessBase"]
[SourceDate "2008.05.06"]
[SourceVersion "1"]
[SourceVersionDate "2008.05.06"]
[SourceQuality "1"]

1. e4 c5 2. Nc3 e6 3. d3 d5 4. e5 Nc6 5. f4 f6 6. exf6 Nxf6 7. Nf3 Be7 8. g3 0-0 9. Bg2 Ne8 10. 0-0 Nc7 11. Re1 Qe8 12. a4 Qh5 13. h3 Nd4 14. g4 Nxf3+ 15. Qxf3 Qf7 16. Qe2 Bd7 17. Bd2 Rae8 18. Qe5 Rc8 19. Rf1 Bf6 20. Qe1 Bxc3 21. Bxc3 d4 22. Bd2 Nd5 23. Be4 Bc6 24. Qg3 Qc7 25. Qh4 Nf6 26. Bxc6 bxc6 27. Qg5 Nd5 28. Rae1 Rf6 29. b3 Rcf8 30. Qe5 Kf7 31. Qh5+ Kg8 32. Qe5 Kf7 33. Re4 h6 34. Qh5+ Kg8 35. Qe5 Kf7 36. Kg2 Qd7 37. b4 cxb4 38. Rxd4 a5 39. c4 bxc3 40. Bxc3 Qb7 41. Re4 Qb3 42. Rc4 Qc2+ 43. Rf2 Qxd3 44. Rxc6 Ne3+ 45. Kh2 Nf1+ 46. Kg1 Ne3 47. Qc7+ Kg8 48. Bxf6 Qd1+ 49. Kh2 Rxf6 50. Qc8+ Kh7 51. Rc1 Qd4 52. Re2 Qxf4+ 53. Kg1 Qg3+ 54. Kh1 Qxh3+ 55. Kg1 Rf1+ 0-1

[Event "Angers op 3rd"]
[Site "Angers"]
[Date "2008.04.25"]
[Round "2"]
[White "Egreteau, Eric"]
[Black "Savary, Xavier"]
[Result "0-1"]
[WhiteElo "2084"]
[BlackElo "1898"]
[PlyCount "78"]
[EventDate "2008.04.25"]
[EventType "swiss"]
[EventRounds "6"]
[EventCountry "FRA"]
[SourceTitle "CBM 123 Extra"]
[Source "ChessBase"]
[SourceDate "2008.05.06"]
[SourceVersion "1"]
[SourceVersionDate "2008.05.06"]
[SourceQuality "1"]

1. e4 e5 2. Nf3 f5 3. d3 Nc6 4. c3 d5 5. exd5 Qxd5 6. Nbd2 Be7 7. a4 e4 8. dxe4 fxe4 9. Bc4 Qf5 10. Nd4 Nxd4 11. cxd4 Be6 12. Qb3 Bxc4 13. Nxc4 Qd5 14. Be3 Nf6 15. h3 0-0 16. 0-0 c6 17. a5 b5 18. Nd2 a6 19. Qc2 Rac8 20. Rfc1 Rfe8 21. Nb3 Nd7 22. Kf1 Bf6 23. Rab1 Nf8 24. Nc5 Ne6 25. Nxa6 Nxd4 26. Bxd4 Qxd4 27. Qc5 Qd3+ 28. Kg1 Bd4 29. Qc2 c5 30. Qxd3 exd3 31. Rd1 Re6 32. Nb4 cxb4 33. Rxd3 Ba7 34. Rd7 Ra8 35. Rbd1 Re2 36. Rb7 Rxf2 37. Kh1 Rxb2 38. Rdd7 Rb1+ 39. Kh2 Bb8+ 0-1

[Event "Rohde op 07th"]
[Site "Sautron"]
[Date "2007.11.01"]
[Round "7"]
[White "Egreteau, Eric"]
[Black "Delinotte, Axelle"]
[Result "1-0"]
[WhiteElo "2104"]
[BlackElo "1839"]
[PlyCount "35"]
[EventDate "2007.10.27"]
[EventType "swiss"]
[EventRounds "9"]
[EventCountry "FRA"]
[SourceTitle "EXT 2008"]
[Source "ChessBase"]
[SourceDate "2007.11.25"]
[SourceVersion "1"]
[SourceVersionDate "2007.11.25"]
[SourceQuality "1"]

1. e4 c5 2. Nc3 Nc6 3. g3 g6 4. Bg2 Bg7 5. d3 e6 6. Be3 b6 7. Qd2 Nge7 8. Bh6 0-0 9. h4 f5 10. h5 Qe8 11. Bxg7 Kxg7 12. hxg6 Qxg6 13. Nge2 e5 14. 0-0-0 d6 15. exf5 Bxf5 16. g4 Bxg4 17. Be4 Bf5 18. Rdg1 1-0

[Event "Rohde op 07th"]
[Site "Sautron"]
[Date "2007.10.29"]
[Round "3"]
[White "Egreteau, Eric"]
[Black "Abbasov, Farid"]
[Result "0-1"]
[WhiteElo "2104"]
[BlackElo "2507"]
[PlyCount "50"]
[EventDate "2007.10.27"]
[EventType "swiss"]
[EventRounds "9"]
[EventCountry "FRA"]
[SourceTitle "EXT 2008"]
[Source "ChessBase"]
[SourceDate "2007.11.25"]
[SourceVersion "1"]
[SourceVersionDate "2007.11.25"]
[SourceQuality "1"]

1. e4 g6 2. Nc3 Bg7 3. g3 c5 4. Bg2 Nc6 5. d3 Rb8 6. Be3 d6 7. Qd2 b5 8. Nge2 b4 9. Nd1 Bd7 10. h3 Qc8 11. f4 e5 12. c3 Nge7 13. Nf2 0-0 14. 0-0 bxc3 15. bxc3 f5 16. Kh2 Qc7 17. Qc2 fxe4 18. Nxe4 Kh8 19. Kg1 c4 20. fxe5 Nxe5 21. d4 Nf5 22. Bd2 Nd3 23. Rab1 Rxb1 24. Rxb1 d5 25. Ng5 Nxg3 0-1